000 01171nam a22002897a 4500
005 20240530110505.0
008 151008s2012 ua g 000 0 ara d
017 _a2011/15685
_bمصر . دار الكتب المصرية
020 _a977057343
040 _aEG-CaGPL
082 0 4 _221
_a353.1\
_bع أ
100 0 _aعلى ليلة
245 1 2 _aالامن القومى العربى فى عصر العولمة :
_bالكتاب الاول اختراق الثقافة و تبديد الهوية /
_cعلى ليلة
260 _aالقاهرة :
_bمكتبة الانجلو المصرية ،
_c2012 .
300 _a276 ص ؛
_c24 سم .
650 0 4 _aالعولمة
650 0 4 _aالثقافة العربية
650 0 4 _aالهوية العربية
650 0 4 _aالحراك الاجتماعى
650 0 4 _aالهجرة
650 0 4 _aالاعلام و الاسرة
650 0 4 _aالامن القومى العربى
_xاثر الاعلام
650 0 4 _aالهجرة غير الشرعية
650 0 4 _aحقوق الانسان
_xالعالم العربى
650 0 4 _aالعالم العربى
_xالاحوال الاجتماعية
942 _2ddc
_cBK
999 _c61553
_d61553